| 000 | 00780nam a2200205Ia 4500 | ||
|---|---|---|---|
| 001 | 7779 | ||
| 003 | GE_BSU | ||
| 008 | 181216s||||||||xx |||||||||||||| ||und|| | ||
| 040 | _cGE_BSU | ||
| 080 | _a624.137 | ||
| 100 | _aМоисеев,В.Ю. Побегаило,И.М. Сидорчук ,В.Н. и др. | ||
| 245 | _aИнженерная подготовка застраиваемых территорий. | ||
| 245 | _cПод ред. В.Ю.Моисеева; Ред. З.А.Полтороцкая. | ||
| 260 | _aКиев. | ||
| 260 | _bБудивельник. | ||
| 260 | _c1974. | ||
| 300 | _a271стр.с илл.22см.Библиогр.:стр.267-270. | ||
| 653 | _aИнженерная подготовка застраиваемых территорий. | ||
| 942 | _cBK | ||
| 999 |
_c41129 _d41129 |
||